| 000 -CABECERA |
| Longitud fija campo de control |
00486nam a2200169 a 4500 |
| 001 - NÚMERO DE CONTROL |
| Número de control |
5708 |
| 003 - IDENTIFICADOR DEL NÚMERO DE CONTROL |
| Identificador del número de control |
CDMR |
| 005 - FECHA Y HORA DE LA ÚLTIMA TRANSACCIÓN |
| Fecha y hora de la última transacción |
20130301132210.0 |
| 008 - CÓDIGOS DE INFORMACIÓN DE LONGITUD FIJA |
| Códigos de información de longitud fija |
130130s ||||||||||||||||||||||||||||d |
| 020 ## - NÚMERO INTERNACIONAL NORMALIZADO PARA LIBROS |
| Número Internacional Normalizado para Libros (ISBN) |
9788496855199 |
| 040 ## - FUENTE DE LA CATALOGACIÓN |
| Centro catalogador de origen |
CDMR |
| Lengua de catalogación |
cat |
| Centro transcriptor |
CPC LLEIDA |
| 245 00 - MENCIÓN DE TÍTULO |
| Título |
Leandre Cristófol |
| Resto del título |
: de l'aire a l'aire |
| 260 ## - PUBLICACIÓN, DISTRIBUCIÓN, ETC. (PIE DE IMPRENTA) |
| Nombre del editor, distribuidor, etc. |
Institut Municipal d'Acció Cultural de Lleida |
| Lugar de publicación, distribución, etc. |
[Lleida] |
| Fecha de publicación, distribución, etc. |
c. 2008 |
| 500 ## - NOTA GENERAL |
| Nota general |
Catàleg d'exposició |
| 710 2# - PUNTO DE ACCESO ADICIONAL - NOMBRE DE ENTIDAD |
| 9 (RLIN) |
2824 |
| Nombre de entidad o nombre de jurisdicción como elemento inicial |
Museu d'art Jaume Morera |
| 942 ## - ENTRADA DE ELEMENTOS AGREGADOS (KOHA) |
| Koha [por defecto] tipo de item |
Monografies |
| Fuente de clasificaión o esquema |
|